[Event "Snorlax # 29"]
[Site "SchemingMind.com"]
[Date "2009.05.01"]
[Round "-"]
[White "tomazek"]
[Black "Zugzwang"]
[Result "0-1"]
[WhiteCountry "SLO"]
[BlackCountry "CAN"]
[WhiteElo "1309"]
[WhiteRD "121"]
[BlackElo "1482"]
[BlackRD "58"]
[GameID "202803"]

1. d4 f5 2. c4 Nf6 3. Nc3 e6 4. Nf3 Bb4 5. Bd2 O-O 6. Qc2 c6 7. e3 d5 8. a3 Bxc3 9. Bxc3 Nbd7 10. O-O-O a5
11. Ne5 Nxe5 12. dxe5 Nd7 13. f3 Nb6 14. c5 Nd7 15. Bd4 b5 16. cxb6 Nxb6 17. Qxc6 Bd7 18. Qxb6 Qc8+ 19. Kb1 Rb8 20. Qxa5 Ra8
21. Qc5 Qb7 22. g3 Rfb8 23. Bg2 Ba4 24. Rd2 Qb3
0-1

[Event "Snorlax # 29"]
[Site "SchemingMind.com"]
[Date "2009.05.01"]
[Round "-"]
[White "tomazek"]
[Black "klesley"]
[Result "0-1"]
[WhiteCountry "SLO"]
[BlackCountry "USA"]
[WhiteElo "1309"]
[WhiteRD "121"]
[BlackElo "1810"]
[BlackRD "89"]
[GameID "202804"]

1. d4 Nf6 2. c4 g6 3. Nc3 d5 4. Bf4 Bg7 5. Be5 O-O 6. e3 Be6 7. c5 Nc6 8. Nf3 Nxe5 9. Nxe5 Ne4 10. Nxe4 dxe4
11. Nc4 b6 12. b4 a5 13. a3 axb4 14. axb4 c6 15. Rxa8 Qxa8 16. Nxb6 Qa3 17. Qd2 f5 18. Nc4 Qb3
0-1

[Event "Snorlax # 29"]
[Site "SchemingMind.com"]
[Date "2009.05.01"]
[Round "-"]
[White "tomazek"]
[Black "kwabena"]
[Result "0-1"]
[WhiteCountry "SLO"]
[BlackCountry "ENG"]
[WhiteElo "1309"]
[WhiteRD "121"]
[BlackElo "1594"]
[BlackRD "68"]
[GameID "202805"]

1. d4 d5 2. c4 c6 3. e3 e6 4. Nc3 a6 5. Nf3 Nf6 6. Bd3 Bb4 7. Bd2 b5 8. cxb5 cxb5 9. a3 Ba5 10. b4 Bc7
11. O-O Nc6 12. Qc2 Bb7 13. Rfe1 O-O 14. e4 dxe4 15. Nxe4 Rc8 16. Nxf6+ Qxf6 17. Bc3 Rfd8 18. d5 Qe7 19. dxc6 Bxc6 20. Bxh7+ Kf8
0-1

[Event "Snorlax # 29"]
[Site "SchemingMind.com"]
[Date "2009.05.03"]
[Round "-"]
[White "tomazek"]
[Black "Schaakmaatje"]
[Result "0-1"]
[WhiteCountry "SLO"]
[BlackCountry "NED"]
[WhiteElo "1309"]
[WhiteRD "121"]
[BlackElo "1755"]
[BlackRD "49"]
[GameID "202806"]

1. d4 Nf6 2. c4 g6 3. Nc3 d6 4. e3 c6 5. Bd3 Bg7 6. h3 Na6 7. Nf3 O-O 8. O-O Nc7 9. e4 e5 10. dxe5 dxe5
11. Re1 Re8 12. Bc2 Bd7 13. Qe2 Re7 14. Na4 Na6 15. a3 b5 16. cxb5 cxb5 17. Nc3 Rb8 18. Nd5 Nxd5 19. exd5 Bf5 20. Bg5 f6
21. Bxf5 gxf5 22. Bh4 Qxd5 23. Rad1 Qb7 24. Qc2 Qc8 25. Qxc8+ Rxc8 26. Nd4 Rb7 27. Nxf5 Rcb8 28. Nxg7 Kxg7 29. Rd3 Nc5
0-1

[Event "Snorlax # 29"]
[Site "SchemingMind.com"]
[Date "2009.05.01"]
[Round "-"]
[White "tomazek"]
[Black "Joe Daudish"]
[Result "0-1"]
[WhiteCountry "SLO"]
[BlackCountry "USA"]
[WhiteElo "1309"]
[WhiteRD "121"]
[BlackElo "1730"]
[BlackRD "45"]
[GameID "202807"]

1. d4 d5 2. c4 e6 3. e3 Nf6 4. Bd3 dxc4 5. Qa4+ Bd7 6. Qxc4 Be7 7. Qb3 b6 8. Nc3 O-O 9. Nf3 c5 10. O-O cxd4
11. Nxd4 Nc6 12. Nxc6 Bxc6 13. Re1 Bc5 14. Rd1 Qc7 15. Qc2 a5 16. h3 h6 17. e4 Rad8 18. Qe2 Rd7 19. e5 Nd5 20. Ne4 Be7
21. Qh5 f5 22. exf6 Nxf6
0-1

[Event "Snorlax # 29"]
[Site "SchemingMind.com"]
[Date "2009.05.01"]
[Round "-"]
[White "tomazek"]
[Black "An old friend"]
[Result "0-1"]
[WhiteCountry "SLO"]
[BlackCountry "ENG"]
[WhiteElo "1309"]
[WhiteRD "121"]
[BlackElo "1876"]
[BlackRD "85"]
[GameID "202808"]

1. d4 Nf6 2. c4 c5 3. Nf3 cxd4 4. Nxd4 e5 5. Nf3 Nc6 6. a3 g6 7. Nc3 Bg7 8. Bg5 O-O 9. Nd5 h6 10. Bxf6 Bxf6
11. e4 Bg7 12. Be2 d6 13. h3 f5 14. Bd3 fxe4 15. Bxe4 Kh7 16. g4 Ne7 17. Nh4 Nxd5 18. Nxg6 Re8 19. Nxe5+ Kg8 20. Bxd5+ Be6
21. Bxb7 Rb8 22. Bd5 Bxe5 23. O-O Qh4 24. Bg2 Bxc4 25. Bd5+ Bxd5 26. Qxd5+ Kg7 27. Qg2 Rxb2 28. Rae1 Re7 29. Re3 Bf6 30. Rxe7+ Bxe7
31. Re1 Bf6 32. Rd1 Be5 33. Re1 Rb3 34. Rc1 Qxh3
0-1

[Event "Snorlax # 29"]
[Site "SchemingMind.com"]
[Date "2009.05.01"]
[Round "-"]
[White "Zugzwang"]
[Black "tomazek"]
[Result "1-0"]
[WhiteCountry "CAN"]
[BlackCountry "SLO"]
[WhiteElo "1482"]
[WhiteRD "58"]
[BlackElo "1309"]
[BlackRD "121"]
[GameID "202809"]

1. d4 e6 2. Nf3 Bb4+ 3. Nbd2 Nf6 4. a3 Be7 5. e4 c5 6. c3 O-O 7. Bd3 h6 8. O-O Nc6 9. Qe2 e5 10. dxe5 Ng4
11. Nc4 Re8 12. h3 Ngxe5 13. Nfxe5 Nxe5 14. Nxe5 Qc7 15. Nc4 b5 16. Nd2 Bg5 17. Nf3 Bxc1 18. Raxc1 c4 19. Bc2 d5 20. e5 f6
21. Rce1 Qf7 22. Qd2 Rd8 23. Re3 Re8 24. Rfe1 a6 25. Nh4
1-0

[Event "Snorlax # 29"]
[Site "SchemingMind.com"]
[Date "2009.05.01"]
[Round "-"]
[White "klesley"]
[Black "tomazek"]
[Result "1-0"]
[WhiteCountry "USA"]
[BlackCountry "SLO"]
[WhiteElo "1810"]
[WhiteRD "89"]
[BlackElo "1309"]
[BlackRD "121"]
[GameID "202810"]

1. d4 Nf6 2. c4 c5 3. e3 e6 4. a3 Be7 5. Nc3 d5 6. dxc5 Bxc5 7. b4 Be7 8. cxd5 exd5 9. Bb5+ Bd7 10. Bb2 Bxb5
11. Nxb5 Nc6 12. Ne2 a6 13. Nbc3 O-O 14. Nf4 d4 15. exd4 Qxd4 16. Qxd4 Nxd4 17. O-O-O Rfd8 18. Rhe1 Bf8 19. Na4
1-0

[Event "Snorlax # 29"]
[Site "SchemingMind.com"]
[Date "2009.05.02"]
[Round "-"]
[White "kwabena"]
[Black "tomazek"]
[Result "1-0"]
[WhiteCountry "ENG"]
[BlackCountry "SLO"]
[WhiteElo "1594"]
[WhiteRD "68"]
[BlackElo "1309"]
[BlackRD "121"]
[GameID "202811"]

1. d4 e6 2. Nf3 c5 3. c3 Nc6 4. e3 Nf6 5. a3 h6 6. b4 cxb4 7. cxb4 Qc7 8. Bb2 Be7 9. Nc3 Nd5 10. Nxd5 exd5
11. Rc1 Qd6 12. Bd3 Bf6 13. O-O O-O 14. Qb3 Qe6 15. Rc5 Ne7 16. Rfc1 d6 17. R5c2 Bd7 18. Rc7 b6 19. Qd1 Rfc8 20. g3 Bc6
21. Rxc8+
1-0

[Event "Snorlax # 29"]
[Site "SchemingMind.com"]
[Date "2009.05.04"]
[Round "-"]
[White "Schaakmaatje"]
[Black "tomazek"]
[Result "1-0"]
[WhiteCountry "NED"]
[BlackCountry "SLO"]
[WhiteElo "1755"]
[WhiteRD "49"]
[BlackElo "1309"]
[BlackRD "121"]
[GameID "202812"]

1. e4 c5 2. Nf3 g6 3. d4 cxd4 4. Nxd4 Qa5+ 5. c3 e5 6. Nb3 Qc7 7. Be3 Nf6 8. f3 Be7 9. Be2 d6 10. Na3 a6
11. Nc4 Nbd7 12. Qd2 O-O 13. O-O Rd8 14. a4 d5 15. exd5 Nc5 16. Nxc5 Bxc5 17. Kh1 Nxd5 18. Bxc5 Qxc5 19. Nxe5 Qe7 20. f4 Nf6
21. Qe1 Re8 22. Bc4 Be6 23. Bxe6 Qxe6 24. Qh4 Ne4 25. Ng4 h5 26. Ne5 Qf6 27. Qxf6 Nxf6 28. h3 Ne4 29. Kg1
1-0

[Event "Snorlax # 29"]
[Site "SchemingMind.com"]
[Date "2009.05.02"]
[Round "-"]
[White "Joe Daudish"]
[Black "tomazek"]
[Result "1-0"]
[WhiteCountry "USA"]
[BlackCountry "SLO"]
[WhiteElo "1730"]
[WhiteRD "45"]
[BlackElo "1309"]
[BlackRD "121"]
[GameID "202813"]

1. d4 e6 2. Nf3 c5 3. Bf4 Qb6 4. b3 Nc6 5. e3 Nf6 6. Bd3 cxd4 7. exd4 Nxd4 8. Nbd2 Bb4 9. Nxd4 Qxd4 10. Be3 Bxd2+
11. Bxd2 b6 12. O-O Bb7 13. Be3 Qg4 14. Qxg4 Nxg4 15. Bf4 O-O 16. h3 Nf6 17. Rfe1 Nh5 18. Bd6 Rfe8 19. Bb5 a6 20. Bd3 Rac8
21. Rad1 Nf6 22. c4 Rc6 23. Be5
1-0

[Event "Snorlax # 29"]
[Site "SchemingMind.com"]
[Date "2009.05.01"]
[Round "-"]
[White "An old friend"]
[Black "tomazek"]
[Result "1/2-1/2"]
[WhiteCountry "ENG"]
[BlackCountry "SLO"]
[WhiteElo "1876"]
[WhiteRD "85"]
[BlackElo "1309"]
[BlackRD "121"]
[GameID "202814"]

1. e4 c5 2. d4 cxd4 3. c3 Nc6 4. cxd4 Qa5+ 5. Bd2 Qb6 6. Bc3 e5 7. d5 Nd4 8. Nf3 Nxf3+ 9. Qxf3 Bb4 10. Bc4 d6
11. O-O Bxc3 12. Qxc3 Nf6 13. Nd2 O-O 14. Bb3 Bd7 15. Kh1 Rac8 16. Qg3 Qd8 17. Rfe1 b6 18. f3 Nh5 19. Qf2 Nf4 20. Re3=
1/2-1/2